<?xml version="1.0" encoding="UTF-8"?>
<collection xmlns="http://www.loc.gov/MARC21/slim">
 <record>
  <leader>01362nam a2200193Ia 4500</leader>
  <controlfield tag="001">CTU_178364</controlfield>
  <controlfield tag="008">210402s9999    xx            000 0 und d</controlfield>
  <datafield tag="082" ind1=" " ind2=" ">
   <subfield code="a">364.1323</subfield>
  </datafield>
  <datafield tag="082" ind1=" " ind2=" ">
   <subfield code="b">Th104</subfield>
  </datafield>
  <datafield tag="245" ind1=" " ind2="0">
   <subfield code="a">Corruption form the perspective of citizens, firms, and public officials :</subfield>
  </datafield>
  <datafield tag="245" ind1=" " ind2="0">
   <subfield code="b">Result of sociological surveys = Tham nhũng từ góc nhìn của người dân, doanh nghiệp và cán bộ, công chức, viên chức : Kết quả khảo sát xã hội học</subfield>
  </datafield>
  <datafield tag="245" ind1=" " ind2="0">
   <subfield code="c">Ngân hàng Thế giới (WB)</subfield>
  </datafield>
  <datafield tag="260" ind1=" " ind2=" ">
   <subfield code="a">Hà Nội</subfield>
  </datafield>
  <datafield tag="260" ind1=" " ind2=" ">
   <subfield code="b">Chính trị Quốc gia - Sự thật</subfield>
  </datafield>
  <datafield tag="260" ind1=" " ind2=" ">
   <subfield code="c">2010</subfield>
  </datafield>
  <datafield tag="520" ind1=" " ind2=" ">
   <subfield code="a">Thực hiện sự chỉ đạo của Thủ tướng Chính phủ, ngày 20/11/2012, tại Hà Nội, Thanh tra Chính phủ (TTCP) chủ trì phối hợp với Văn phòng BCĐ Trung ương về PCTN và Ngân hàng Thế giới tổ chức họp báo công bố Báo cáo kết quả khảo sát xã hội học  “Tham nhũng từ góc nhìn của người dân, doanh nghiệp và cán bộ, công chức, viên chức”.</subfield>
  </datafield>
  <datafield tag="650" ind1=" " ind2=" ">
   <subfield code="a">Political corruption,Tham nhũng,Corruption investigation,Điều tra tham nhũng</subfield>
  </datafield>
  <datafield tag="904" ind1=" " ind2=" ">
   <subfield code="i">Trọng Hiếu</subfield>
  </datafield>
  <datafield tag="980" ind1=" " ind2=" ">
   <subfield code="a">Trung tâm Học liệu Trường Đại học Cần Thơ</subfield>
  </datafield>
 </record>
</collection>
